| 000 | 00887cam a2200265 4500 | ||
|---|---|---|---|
| 001 | J3187 | ||
| 008 | 090401t1995 xxu||||| |||| 00| 0 eng d | ||
| 035 | _a(Sirsi) u53600 | ||
| 041 | _aeng | ||
| 050 | _a692.8 | ||
| 090 | _aJCT 1995/16A | ||
| 110 |
_aJoint Contracts Tribunal _93664 |
||
| 245 | _aStandard Form of Prime Cost Contract 1992 edition ... Amendment 3 and guidance note issued July 1995: effect of final certificate. | ||
| 260 |
_aLondon _bRIBA Publications _c1995 |
||
| 300 | _a4p. ; 30cm. | ||
| 350 | _a0.5 | ||
| 650 | _aAMENDMENT 3 | ||
| 650 | _aBUILT ENVIRONMENT-BUILDING CONTRACT FORMS | ||
| 650 | _aFINAL CERTIFICATE | ||
| 650 | _aJCT STANDARD FORM OF PRIME COST CONTRACT 1992 | ||
| 650 | _aBUILT ENVIRONMENT-BUILDING CONTRACT FORMS-PRIME COST CONTRACT FORMS | ||
| 690 | _aBUILT ENVIRONMENT-BUILDING CONTRACT FORMS | ||
| 942 | _n0 | ||
| 948 | _c04/03/1997 | ||
| 999 |
_c93303 _d93303 |
||